Pengenalan kepada enjin pembakaran dalam / (Record no. 2542)

000 -LEADER
fixed length control field nam a22 a 4500
003 - CONTROL NUMBER IDENTIFIER
control field AKMAL
005 - DATE AND TIME OF LATEST TRANSACTION
control field 20170517110109.0
008 - FIXED-LENGTH DATA ELEMENTS--GENERAL INFORMATION
fixed length control field 170517t1997 my 00 may d
020 ## - INTERNATIONAL STANDARD BOOK NUMBER
International Standard Book Number 9835200939 (kkt.):
Terms of availability RM 41.00
040 ## - CATALOGING SOURCE
Original cataloging agency AKMAL
082 04 - DEWEY DECIMAL CLASSIFICATION NUMBER
Classification number 621.43 STO
Edition number 21
090 00 - LOCALLY ASSIGNED LC-TYPE CALL NUMBER (OCLC); LOCAL CALL NUMBER (RLIN)
Classification number (OCLC) (R) ; Classification number, CALL (RLIN) (NR) 621.43
Local cutter number (OCLC) ; Book number/undivided call number, CALL (RLIN) STO
100 1# - MAIN ENTRY--PERSONAL NAME
Personal name Stone, Richard,
Dates associated with a name 1955-
9 (RLIN) 5295
245 10 - TITLE STATEMENT
Title Pengenalan kepada enjin pembakaran dalam /
Statement of responsibility, etc. Richard Stone ; penterjemah Khalid Hasnan
250 ## - EDITION STATEMENT
Edition statement Ed. ke 2
260 ## - PUBLICATION, DISTRIBUTION, ETC.
Place of publication, distribution, etc. Skudai :
Name of publisher, distributor, etc. Penerbit Universiti Teknologi Malaysia,
Date of publication, distribution, etc. 1997
300 ## - PHYSICAL DESCRIPTION
Extent xviii, :
Other physical details il. ;
Dimensions 23cm
500 ## - GENERAL NOTE
General note Mengandungi indeks
504 ## - BIBLIOGRAPHY, ETC. NOTE
Bibliography, etc. note Bibliografi : ms. [575]-589
650 #0 - SUBJECT ADDED ENTRY--TOPICAL TERM
Topical term or geographic name entry element Internal combustion engines
9 (RLIN) 5296
700 0# - ADDED ENTRY--PERSONAL NAME
Personal name Khalid Hasnan
9 (RLIN) 5297
942 ## - ADDED ENTRY ELEMENTS (KOHA)
Source of classification or shelving scheme
Koha item type Book
Holdings
Withdrawn status Lost status Source of classification or shelving scheme Damaged status Not for loan Collection code Home library Current library Shelving location Date acquired Inventory number Total Checkouts Full call number Barcode Date last seen Price effective from Koha item type
          NON-FICTION AKMAL Melaka AKMAL Melaka PINJAMAN 17.05.2017 602382   621.43 STO 201703390 17.05.2017 17.05.2017 Book
Pusat Sumber Maklumat Dato' Haji Sarmin Md Hussin, Akademi Kastam Diraja Malaysia, Melaka
Tel: 06-2331106 | Faks: 06-2313787